• 首页
  • 本馆介绍
  • 公告通知
  • 最新文献
  • 馆藏检索
  • 电子资源
  • 读者导购
  • 参考咨询
  • 我的图书馆
  • 登录
  • 详细信息显示
  • 放入我的书架
  • 预约/预借图书
  • 作者相关作品
  • 分类相关作品
  • 丛书相关作品
  • 出版社相关作品

书目信息

  • 表格格式
  • 工作单格式
  • 卡片格式
题名:
有机化学的产生和发展
    
 
作者: 徐金官 编著
分册:  
出版信息: 昆明   科技出版社  1996
页数: 219页
开本: 26cm
丛书名:
单 册:
中图分类: O62 , O621.12
科图分类: 54.5
主题词: 有机化学--高等学校--教材
电子资源:
ISBN: 7-5416-0903-X
000 00668nam0 2200241 45
001 1572262288
005 20150129200550.45
010    @a7-5416-0903-X@dCNY0.82
100    @a19950505d1996 em y0chiy0121 ea
101 0  @achi
102    @aCN@b530000
105    @ay z 000yy
200 10 @a有机化学的产生和发展@Ayou ji hua xue de chan sheng he fa zhan@f徐金官等编著
210    @a昆明@c科技出版社@d1996
215    @a219页@d26cm
300    @a高等农业院校教材
606    @a有机化学@x高等学校@x教材
690    @aO62@v3
690    @aO621.12@v4
692    @a54.5@v2
701  0 @a徐金官@Axu jin guan@4编著
801  0 @aCN@bTSSF@c20150129
905    @aZUCC@dO621.12@eJY10
    
    有机化学的产生和发展/徐金官等编著.-昆明:科技出版社,1996
    219页;26cm
    高等农业院校教材
    
    ISBN 7-5416-0903-X:CNY0.82
    
●
相关链接 在E读中查询图书 在五车中查询图书 在当当中查询图书 在豆瓣中查询图书


正题名:有机化学的产生和发展     索取号:O621.12/JY10         预约/预借

序号 登录号 条形码 馆藏地/架位号 状态 备注
1 7862863   278628638   学院路分馆/ [索取号:O621.12/JY10] 在馆    
唐山师范学院图书馆 欢迎您!
大连网信软件有限公司© 版权所有